《别看我是一只羊》歌词 Lyrics to "Don't think a sheep for me" - Statistics

General Stats
  • This quiz has been taken 54 times
  • The average score is 16 of 28
Answer Stats
歌词 % Correct
别看我只是一只羊
100%
别看我只是一只羊
100%
喜羊羊
90%
美羊羊
90%
红太狼
90%
灰太狼
90%
懒羊羊
88%
沸羊羊
88%
软绵绵
86%
慢羊羊
78%
羊儿的聪明难以想象
78%
天空因为我变得更蓝
60%
白云因为我变得柔软
60%
绿草因为我变得更香
54%
每天都追赶太阳
52%
天再高心情一样奔放
46%
也不会去慌乱
46%
也当作游戏一场
46%
就算有狼群把我追捕
38%
都不会去心伤
36%
有什么难题去牵绊我
34%
有什么危险在我面前
32%
笑容都会飞翔
30%
虽然我只是羊
30%
在什么时间都爱开心
28%
在所有天气拥有叫人大笑的力量
22%
就算会摔倒站得起来
20%
永远不会沮丧
20%
No matching quizzes found
Score Distribution
Percent of People with Each Score
Percentile by Number Answered
Your Score History
You have not taken this quiz